Bộ sưu tập dạng hình bông lúa mùa nổi = Panicle shapes of floating rice
Cung cấp những thông tin và kiến thức về cách phân biệt giống từ kiến thức bản địa của nông dân để xác định những dạng hình bông lúa mùa nổi bằng hình ảnh liên quan đến từng giống trong thực tế....
Bewaard in:
| Hoofdauteur: | |
|---|---|
| Formaat: | Boek |
| Taal: | Undetermined |
| Gepubliceerd in: |
Hà Nội
Nông nghiệp
2016
|
| Onderwerpen: | |
| Tags: |
Voeg label toe
Geen labels, Wees de eerste die dit record labelt!
|
| Thư viện lưu trữ: | Trung tâm Học liệu Trường Đại học Cần Thơ |
|---|
| LEADER | 00951nam a2200217Ia 4500 | ||
|---|---|---|---|
| 001 | CTU_230988 | ||
| 008 | 210402s9999 xx 000 0 und d | ||
| 020 | |c 200000 | ||
| 082 | |a 633.18 | ||
| 082 | |b Ph431 | ||
| 100 | |a Lê, Thanh Phong | ||
| 245 | 0 | |a Bộ sưu tập dạng hình bông lúa mùa nổi = | |
| 245 | 0 | |b Panicle shapes of floating rice | |
| 245 | 0 | |c Lê Thanh Phong, Lê Hữu Phước, Charles Howie | |
| 260 | |a Hà Nội | ||
| 260 | |b Nông nghiệp | ||
| 260 | |c 2016 | ||
| 520 | |a Cung cấp những thông tin và kiến thức về cách phân biệt giống từ kiến thức bản địa của nông dân để xác định những dạng hình bông lúa mùa nổi bằng hình ảnh liên quan đến từng giống trong thực tế. | ||
| 650 | |a Lúa,Rice | ||
| 910 | |b nthai | ||
| 980 | |a Trung tâm Học liệu Trường Đại học Cần Thơ | ||